000 01557pab a2200181 454500
008 180718b2006 xxu||||| |||| 00| 0 eng d
100 _aRamabrahmam, I.
245 _aEvolving pro-people administrative culture: A case of Kolleru lake eco-restoration
260 _c2006
300 _ap.775-790.
362 _aOct-Dec
520 _aHere is a case study of excellence in public service that was displayed in clearing off all encroachments of the Kolleru fresh water lake. Comparable to famous lakes: Dal, Chilika and Samba, the Kolleru lake is a kind of lagoon. Over a period of time the lake was illegally occupied by the new entrepreneurs of the area for aquaculture and pisciculture. Although earning in crores, the entrepreneurs gave back nothing to the people living in that area. The civil society groups and media brought pressure on the government to clear off the Kolleru bed of illegal operations. The Government of Andhra Pradesh posted one of the competent officers as Collector of West Godavari district. The judiciary supported executive for eco-restoration. The media too contributed its best. The civil society groups strengthened the district administration. This rare convergence of executive, legislature, judiciary, civil society and media was made possible by public service's untiring efforts at restoration of Kolleru lake. What follows is a review of the case. - Reproduced.
650 _aPublic administration
700 _aSuleman, Shaik
773 _aIndian Journal of Public Administration
908 _aN
909 _a73002
999 _c73002
_d73002